Statistics for Technology by Letter: N

Click here to take the quiz!

General Stats

  • This quiz has been taken 18 times
  • The average score is 6 of 12

Answer Stats

HintAnswer% Correct
Connections among many computersNetwork
88%
His name measures forcesNewton
88%
Major movie streaming serviceNetflix
82%
Synthetic polymer fabricNylon
76%
A type of radioactive weaponNeutron bomb / Nuclear bomb
65%
Ring that goes on the thread of a boltNut
65%
Major web browser in the 1990sNetscape
41%
Explosive with medical benefitsNitroglycerin
35%
Electricity gained from radioactive materialsNuclear power
35%
Opening that directs a flowNozzle
24%
Mothball materialNaphthalene
12%
V-shaped slit or a narrow filterNotch
12%

Score Distribution

Percentile by Number Answered

Percent of People with Each Score

Your Score History

You have not taken this quiz